Rýchlostné elektroiskrové vyrezávanie drôtom : Diplomová práca

Saved in:
Bibliographic Details
Main Author: Orlický, Vincent (Author)
Other Authors: Kabíček, Vladimír (xxx)
Format: Manuscript Book
Language:Slovak
Published: Trnava : SVŠT v Bratislave StF KAEVP, 1990
Subjects:
Tags: Add Tag
No Tags, Be the first to tag this record!

MARC

LEADER 00000ntm a22000003a 4500
001 stu124442
005 20160719162742.1
008 060804s1990----cs------------------slo-d
040 |a STU  |b slo 
041 0 |a slo 
044 |a cs 
100 1 |a Orlický, Vincent  |4 aut 
245 1 |a Rýchlostné elektroiskrové vyrezávanie drôtom :  |b Diplomová práca 
260 |a Trnava :  |b SVŠT v Bratislave StF KAEVP,  |c 1990 
300 |a 55 s 
650 7 |a strojárska technológia  |2 stusub 
650 7 |a progresívne technologické metódy  |2 stusub 
700 1 |a Kabíček, Vladimír  |4 xxx 
996 |b 284M073879  |c M*DP-2997  |l MMSKP  |s P  |a 0  |w stu124442_0001